Things Only Americans Would Know - Statistics

General Stats
  • This quiz has been taken 231 times
  • The average score is 12 of 15
Answer Stats
Hint Answer % Correct
What was the year when 9/11 happened 2001
98%
What state is The Empire State building in? New York State
97%
What does the NFL stand for? National Football League
96%
What state is Las Vegas in? Nevada
96%
Fill in the blanks: I pledge allegiance, to the _____, Flag
93%
What town were the famous witch trials of 1692 held in? Salem
87%
Who was the 3rd president of the United States? Thomas Jefferson
85%
For which it _____, Stands
82%
What team did Tom Brady play with for 20 seasons? New England Patriots
80%
With liberty and _____ for all. Justice
79%
What is the area called where a player scores a touchdown? Endzone
78%
Of the United States of America. And to the _____, Republic
73%
One Nation, under god, _____, Indivisible
69%
What is another name for a baseball field? Diamond
67%
What is it called when you hit a home run with 3 runners on base? Grand Slam
59%
No matching quizzes found
Score Distribution
Percent of People with Each Score
Percentile by Number Answered
Your Score History
You have not taken this quiz